Non-tariff measures with potentially restrictive market access implications emerging in a post-uruguay round context (Record no. 498018)

000 -LEADER
fixed length control field 00337cam a22000977a 4500
008 - FIXED-LENGTH DATA ELEMENTS--GENERAL INFORMATION
fixed length control field 180718b2000 xxu||||| |||| 00| 0 eng d
082 ## - DEWEY DECIMAL CLASSIFICATION NUMBER
Classification number T394 N73
245 ## - TITLE STATEMENT
Title Non-tariff measures with potentially restrictive market access implications emerging in a post-uruguay round context
260 ## - PUBLICATION, DISTRIBUTION, ETC.
Place of publication, distribution, etc. New York
Name of publisher, distributor, etc. United Nations
Date of publication, distribution, etc. 2000
300 ## - PHYSICAL DESCRIPTION
Extent 231+p.
Holdings
Withdrawn status Lost status Damaged status Not for loan Permanent Location Current Location Date acquired Full call number Barcode Date last seen Price effective from Koha item type
        Indian Institute of Public Administration Indian Institute of Public Administration 2018-08-04 T394 N73 GG32741 2018-08-04 2018-08-04 GG

Powered by Koha